[Event "AUTO-MASTER-2879"]
[Site "http://www.queenalice.com/game.php?id=1584783"]
[Date "2019.9.26"]
[Round "1"]
[White "savi57"]
[Black "josebaron"]
[Result "1-0"]
[WhiteElo "2197"]
[BlackElo "2034"]

1. Nf3 d6 2. d4 e6 3. e4 Nf6 4. Bd3 Be7 5. O-O O-O 6. Nc3 a6 7. Qe2 h6 8. e5
dxe5 9. dxe5 Nd5 10. Qe4 f5 11. exf6 Nxf6 12. Qe2 c5 13. Ne5 Nbd7 14. Ng6 Rf7
15. Qxe6 Nf8 16. Qb3 Be6 17. Qa4 b5 18. Qh4 Nxg6 19. Bxg6 Rf8 20. Qg3 Kh8 21.
Bf4 Bf7 22. Bxf7 Rxf7 23. Rad1 Qf8 24. Be5 Rd8 25. Ne2 Rxd1 26. Rxd1 b4 27. Nf4
Qe8 28. h4 Bf8 29. Re1 Qc6 30. h5 Bd6 31. Bxd6 Nxh5 32. Nxh5 Qxd6 33. Qxd6 1-0

[Event "AUTO-ELITE-2161"]
[Site "http://www.queenalice.com/game.php?id=1586049"]
[Date "2019.10.7"]
[Round "1"]
[White "ArmandoFerreira"]
[Black "savi57"]
[Result "1-0"]
[WhiteElo "2741"]
[BlackElo "2259"]

1. d4 d5 2. c4 c6 3. cxd5 cxd5 4. Bf4 Nf6 5. e3 Nc6 6. Bd3 Bg4 7. f3 Bh5 8. Qb3
Qb6 9. Qxb6 axb6 10. Nc3 e6 11. h4 Bg6 12. Bb5 h6 13. Nge2 Be7 14. Na4 Nd7 15.
Kf2 O-O 16. g4 Rfc8 17. g5 h5 18. Bg3 Bf5 19. Nf4 g6 20. Rhg1 Ra5 21. Nc3 Bb4
22. a4 Kf8 23. Rgc1 Ke7 24. Nfxd5+ exd5 25. Nxd5+ Ke8 26. Nxb4 1-0

[Event "AUTO-ELITE-2161"]
[Site "http://www.queenalice.com/game.php?id=1586050"]
[Date "2019.10.7"]
[Round "1"]
[White "savi57"]
[Black "ArmandoFerreira"]
[Result "0-1"]
[WhiteElo "2249"]
[BlackElo "2753"]

1. c4 e5 2. g3 Nf6 3. Bg2 Bc5 4. Nc3 O-O 5. d3 h6 6. Nf3 d6 7. a3 a5 8. O-O c6
9. Rb1 Ba7 10. b4 Bg4 11. Qc2 Re8 12. Nd2 axb4 13. axb4 d5 14. cxd5 cxd5 15. h3
Be6 16. Nb3 Qd7 17. Kh2 d4 18. Ne4 Nxe4 19. Bxe4 Bxh3 20. Nc5 Bxc5 21. bxc5 Bxf1
0-1

[Event "AUTO-ELITE-2161"]
[Site "http://www.queenalice.com/game.php?id=1586053"]
[Date "2019.10.7"]
[Round "1"]
[White "Alsina"]
[Black "savi57"]
[Result "1-0"]
[WhiteElo "2633"]
[BlackElo "2248"]

1. d4 d5 2. c4 c6 3. Nf3 Nf6 4. e3 Bf5 5. Nc3 e6 6. Nh4 Bg4 7. Qb3 Qb6 8. f3 Bh5
9. g4 Bg6 10. c5 Qc7 11. g5 Nfd7 12. e4 dxe4 13. Nxg6 hxg6 14. Nxe4 e5 15. Be3
Be7 16. dxe5 Nxe5 17. O-O-O Nbd7 18. f4 Ng4 19. Nd6+ Bxd6 20. cxd6 Qa5 21. Bd4
O-O 22. Bh3 Qf5 23. Qg3 Qd5 24. Bxg4 1-0

[Event "AUTO-ELITE-2161"]
[Site "http://www.queenalice.com/game.php?id=1586054"]
[Date "2019.10.7"]
[Round "1"]
[White "savi57"]
[Black "Alsina"]
[Result "0-1"]
[WhiteElo "2258"]
[BlackElo "2620"]

1. d4 d5 2. c4 e6 3. g3 dxc4 4. Bg2 c5 5. Nf3 Nc6 6. e3 cxd4 7. exd4 Bb4+ 8. Nc3
Nf6 9. O-O O-O 10. Be3 Nd5 11. Ne4 b5 12. a4 f5 13. Ned2 Ba6 14. Qc2 c3 15. bxc3
Bxc3 16. Rab1 Ncb4 17. Qd1 bxa4 18. Re1 Qa5 19. Ne5 Rac8 0-1

[Event "AUTO-ADV-4230"]
[Site "http://www.queenalice.com/game.php?id=1591484"]
[Date "2019.11.28"]
[Round "2"]
[White "savi57"]
[Black "Railton"]
[Result "1-0"]
[WhiteElo "2264"]
[BlackElo "1956"]

1. Nf3 Nf6 2. c4 Nc6 3. g3 d5 4. Bg2 d4 5. d3 e5 6. O-O Bd6 7. Nbd2 b6 8. Nxe5
Bxe5 9. Bxc6+ Bd7 10. Bxa8 Qxa8 11. Nf3 Bh3 12. Re1 Ng4 13. Qa4+ Ke7 14. Bd2 Bd6
15. b4 Ne5 16. c5 bxc5 17. bxc5 Bxc5 18. Bb4 Qd5 19. Rac1 Nd7 20. Bxc5+ Nxc5 21.
Qb4 g5 22. Rxc5 1-0

[Event "AUTO-ADV-4230"]
[Site "http://www.queenalice.com/game.php?id=1591485"]
[Date "2019.11.28"]
[Round "2"]
[White "Railton"]
[Black "savi57"]
[Result "0-1"]
[WhiteElo "1928"]
[BlackElo "2250"]

1. d4 d5 2. Nf3 Nf6 3. Nc3 Bf5 4. h3 e6 5. g4 Bg6 6. Ne5 Bd6 7. Bf4 c5 8. Nxg6
hxg6 9. Bxd6 Qxd6 10. dxc5 Qxc5 11. Bg2 Nc6 12. e3 Rd8 13. Qd2 O-O 14. O-O-O b5
15. b3 Qa3+ 16. Kb1 Rb8 17. Qc1 Qc5 18. f4 Qxc3 0-1

[Event "AUTO-ADV-4230"]
[Site "http://www.queenalice.com/game.php?id=1591486"]
[Date "2019.11.28"]
[Round "2"]
[White "savi57"]
[Black "clovis"]
[Result "1-0"]
[WhiteElo "2267"]
[BlackElo "1920"]

1. Nf3 d5 2. c4 e6 3. d4 Nf6 4. g3 Bb4+ 5. Bd2 Bxd2+ 6. Nbxd2 O-O 7. Bg2 Re8 8.
O-O Nc6 9. Qc2 dxc4 10. Qxc4 e5 11. dxe5 Nxe5 12. Nxe5 Qxd2 13. Qxf7+ Kh8 14.
Qxc7 Qxe2 15. Rfe1 Qxb2 16. Nf7+ Kg8 17. Nd6 Rf8 18. Qc4+ Kh8 19. Nf7+ Rxf7 20.
Qxf7 Bg4 21. Rab1 Qxa2 22. Qxa2 1-0

[Event "AUTO-ADV-4230"]
[Site "http://www.queenalice.com/game.php?id=1591487"]
[Date "2019.11.28"]
[Round "2"]
[White "clovis"]
[Black "savi57"]
[Result "0-1"]
[WhiteElo "1944"]
[BlackElo "2247"]

1. e4 c6 2. d4 d5 3. exd5 cxd5 4. Nf3 Nc6 5. Bd3 Bg4 6. O-O e6 7. Bb5 Bd6 8. Qd3
Bxf3 9. Qxf3 Ne7 10. Nc3 O-O 11. Be3 Nf5 12. Rad1 Qh4 13. Bxc6 Qxh2# 0-1

[Event "AUTO-MASTER-2876"]
[Site "http://www.queenalice.com/game.php?id=1595544"]
[Date "2020.1.7"]
[Round "2"]
[White "rok66"]
[Black "savi57"]
[Result "1-0"]
[WhiteElo "2343"]
[BlackElo "2269"]

1. d4 Nf6 2. Nf3 d5 3. e3 Bg4 4. c4 c6 5. Nc3 e6 6. Bd3 Nbd7 7. O-O Bd6 8. c5
Bc7 9. b4 e5 10. Be2 e4 11. Nd2 1-0

[Event "AUTO-MASTER-2876"]
[Site "http://www.queenalice.com/game.php?id=1595545"]
[Date "2020.1.7"]
[Round "2"]
[White "savi57"]
[Black "rok66"]
[Result "0-1"]
[WhiteElo "2259"]
[BlackElo "2353"]

1. Nf3 Nf6 2. c4 e6 3. g3 c5 4. Bg2 Nc6 5. O-O Be7 6. Nc3 O-O 7. d4 d5 8. cxd5
exd5 9. Be3 b6 10. Ne5 Bb7 0-1

[Event "AUTO-MASTER-2876"]
[Site "http://www.queenalice.com/game.php?id=1595548"]
[Date "2020.1.7"]
[Round "2"]
[White "savi57"]
[Black "pomar"]
[Result "0-1"]
[WhiteElo "2198"]
[BlackElo "2094"]

1. Nf3 e6 2. c4 c5 3. g3 Nc6 4. Bg2 d5 5. cxd5 exd5 6. d4 Qa5+ 7. Nc3 Nf6 8. O-O
Bg4 9. dxc5 Qxc5 10. Be3 Qa5 11. Nd4 Bb4 12. Rc1 O-O 13. a3 Bxc3 14. Rxc3 Rac8
15. Nxc6 bxc6 16. Qd2 Rfd8 17. b4 Qa4 0-1

[Event "AUTO-MASTER-2876"]
[Site "http://www.queenalice.com/game.php?id=1595549"]
[Date "2020.1.7"]
[Round "2"]
[White "pomar"]
[Black "savi57"]
[Result "1-0"]
[WhiteElo "2111"]
[BlackElo "2183"]

1. f3 d5 2. Kf2 e5 3. e3 Nf6 4. c4 c6 5. cxd5 cxd5 6. Qb3 Nc6 7. Bb5 Bc5 8. Ne2
O-O 9. Bxc6 bxc6 10. Qc2 Qe7 11. Nbc3 Ba6 12. Na4 Bd6 13. Qxc6 Bd3 14. Qc3 e4
15. f4 Rac8 16. Qa5 Ng4+ 17. Ke1 Qh4+ 18. Ng3 Nxh2 19. Qxd5 1-0

[Event "AUTO-MASTER-2878"]
[Site "http://www.queenalice.com/game.php?id=1596169"]
[Date "2020.1.13"]
[Round "2"]
[White "savi57"]
[Black "ricardoaurelio"]
[Result "0-1"]
[WhiteElo "2069"]
[BlackElo "1878"]

1. d4 d5 2. c4 dxc4 3. e4 Nc6 4. Nf3 Bg4 5. d5 Bxf3 6. gxf3 Na5 7. Bd2 c6 8. Qa4
b5 9. Qxa5 Qxa5 10. Bxa5 cxd5 11. a4 bxa4 0-1

[Event "AUTO-MASTER-2878"]
[Site "http://www.queenalice.com/game.php?id=1596170"]
[Date "2020.1.13"]
[Round "2"]
[White "ricardoaurelio"]
[Black "savi57"]
[Result "1-0"]
[WhiteElo "1852"]
[BlackElo "2095"]

1. e4 c6 2. Nc3 d5 3. exd5 cxd5 4. d4 Nf6 5. Nf3 Nc6 6. Be3 Bg4 7. h3 Bh5 8. g4
Bg6 9. Bd3 Bxd3 10. Qxd3 e6 11. a3 Bd6 12. Nb5 1-0

[Event "AUTO-MASTER-2878"]
[Site "http://www.queenalice.com/game.php?id=1596171"]
[Date "2020.1.13"]
[Round "2"]
[White "savi57"]
[Black "Asspain"]
[Result "0-1"]
[WhiteElo "2250"]
[BlackElo "2173"]

1. d4 Nf6 2. c4 e5 3. dxe5 Ng4 4. Nf3 Nc6 5. Bf4 Bb4+ 6. Nc3 Bxc3+ 7. bxc3 Qe7
8. Qd5 f6 9. exf6 Nxf6 10. Qd3 d6 11. e3 O-O 12. Be2 Ne4 13. O-O Nc5 14. Qc2 Ne5
15. Nxe5 dxe5 16. Bg3 Bf5 0-1

[Event "AUTO-MASTER-2878"]
[Site "http://www.queenalice.com/game.php?id=1596172"]
[Date "2020.1.13"]
[Round "2"]
[White "Asspain"]
[Black "savi57"]
[Result "1-0"]
[WhiteElo "2187"]
[BlackElo "2236"]

1. e4 c6 2. d4 d5 3. Nc3 dxe4 4. Nxe4 Bf5 5. Ng3 Bg6 6. Nf3 Nd7 7. Nh4 e6 8.
Nxg6 hxg6 9. Be3 Ngf6 10. Bd3 Bd6 11. Qf3 Qc7 12. O-O-O O-O-O 13. h3 Rhe8 14.
Bg5 Kb8 15. Ne4 Be7 16. Nxf6 gxf6 17. Bf4 1-0